Statistics for Detroit Tigers Career Home Run Leaders

Click here to take the quiz!

General Stats

  • This quiz has been taken 513 times
    (456 since last reset)
  • The average score is 10 of 21

Answer Stats

HRYearsPlayer% Correct
3732008–2023Miguel Cabrera
96%
3991953–1974Al Kaline
90%
2451990–1996Cecil Fielder
77%
3061930–1946Hank Greenberg
77%
1851977–1996Alan Trammell
70%
2441977–1995Lou Whitaker
67%
1951979–1987, 1993–1995Kirk Gibson
63%
3731960–1974Norm Cash
55%
2621963–1976Willie Horton
53%
2121977–1986Lance Parrish
52%
1841924–1942Charlie Gehringer
41%
1411984–1988Darrell Evans
40%
1421982–1990Chet Lemon
39%
2001961–1976Bill Freehan
33%
1871995–2005Bobby Higginson
32%
1491990–1997Travis Fryman
26%
1641914–1929Harry Heilmann
24%
1451964–1973Jim Northrup
23%
2391934–1945Rudy York
20%
1921960–1973Dick McAuliffe
17%
1561995–2001Tony Clark
17%

Score Distribution

Percentile by Number Answered

Percent of People with Each Score

Your Score History

You have not taken this quiz since the last reset